Normal view
MARC view
Entry Topical Term
001 - CONTROL NUMBER
- control field: 48953
003 - CONTROL NUMBER IDENTIFIER
- control field: ARRUPE
005 - DATE AND TIME OF LATEST TRANSACTION
- control field: 20200121124159.0
008 - FIXED-LENGTH DATA ELEMENTS
- fixed length control field: 200121|| aca||aabn | a|a d
040 ## - CATALOGING SOURCE
- Original cataloging agency: ARRUPE
- Transcribing agency: ARRUPE
150 ## - HEADING--TOPICAL TERM
- Topical term or geographic name as entry element: Art, English
670 ## - SOURCE DATA FOUND
- Source citation: Work cat.: (ARRUPE): Pointon, Marcia R. 48950, Milton and English art, 1970